| 000 | 00627nas a2200205 4500 | ||
|---|---|---|---|
| 001 | aBSDPrz AM04 | ||
| 008 | a++++++bsc2004d++++epl+f!!!!g!h+i!!!!j!l!n!o!p+q!r!spolt!u! | ||
| 020 | _a8386535288 | ||
| 041 | 0 | _apol | |
| 100 | 1 | _aKrajski, Stanisław | |
| 245 | 1 | 0 |
_aMel Gibson - droga do "Pasji" / _cStanisław Krajski. |
| 246 | _aMel Gibson - droga do "Pasji" | ||
| 260 |
_aWarszawa : _bWydaw. Św. Tomasza z Akwinu, _c2004. |
||
| 300 |
_a111, [1] s. ; _c21 cm. |
||
| 692 | _xGibson Mel | ||
| 692 | _xtwórczość Mela Gibsona | ||
| 692 | _x"Pasja"Gibsona | ||
| 920 | _a83-86535-28-8 | ||
| 942 | _cK | ||
| 999 |
_c238744 _d238744 |
||